The Constitution of India / (Record no. 202859)

MARC details
000 -LEADER
fixed length control field 00649 a2200193 4500
005 - DATE AND TIME OF LATEST TRANSACTION
control field 20240516104138.0
010 ## - LCCN (DPL NO)
LC control number B-759028
020 ## - INTERNATIONAL STANDARD BOOK NUMBER
International Standard Book Number 9788175348400
Terms of availability 180.00
035 ## - SYSTEM CONTROL NUMBER
System control number B-759028
037 ## - SOURCE OF ACQUISITION
Source of stock number/acquisition Gift/Unesco
082 ## - DEWEY DECIMAL CLASSIFICATION NUMBER
Classification number 320.954
100 ## - MAIN ENTRY--PERSONAL NAME
Personal name Bakshi P.M
245 ## - TITLE STATEMENT
Title The Constitution of India /
Statement of responsibility, etc P.M Bakshi
260 ## - PUBLICATION, DISTRIBUTION, ETC. (IMPRINT)
Place of publication, distribution, etc Delhi
Name of publisher, distributor, etc Universal Law Publishing CO. Pvt.Ltd.
Date of publication, distribution, etc 2010
270 ## - ADDRESS
Address C-FF-1A, Dilkhush Industrial Estate (Near Azadpur Metro Station)G.T Karnal Road
City Delhi
Postal code 110033
300 ## - PHYSICAL DESCRIPTION
Extent 454 p.
Dimensions 23cm (Pb)
942 ## - ADDED ENTRY ELEMENTS (KOHA)
Institution code [OBSOLETE] dpl
Item type English Books
Source of classification or shelving scheme Dewey Decimal Classification
Classification part 320.954
Call number suffix BAK
Holdings
Withdrawn status Lost status Not for loan Collection code Home library Current library Date acquired Source of acquisition Cost, normal purchase price Full call number Barcode Copy number Cost, replacement price Koha item type Public note
      Non-fiction Patel Nagar Patel Nagar 15/05/2024 Gift/10.5.24 180.00 320.954 BAK B-759028 1 180.00 English Books Gift

© Delhi Public Library
Hit Counter
free hit counter